000 00593nam a22001577a 4500
082 _a629.8
100 _aMehmood, Noaman
245 _a3D Vision for Indoor Robotic Manipulation using Kinect V2 Sensor with Point Cloud Library (PCL) /
_cNoaman Mehmood
260 _aIslamabad :
_bSMME - NUST,
_c2016.
300 _a34 p. ;
_c30cm.
650 _aRobotics and Intelligent Machine Engineering-MS-Thesis
_916127
700 _aDr. Yasar Ayaz
_916202
856 _u http://10.250.8.41:8080/xmlui/handle/123456789/9397
942 _2ddc
_cTHE
999 _c541181
_d541181